| 000 | 00988nam a22003017a 4500 | ||
|---|---|---|---|
| 003 | CHAP | ||
| 005 | 20220329135413.0 | ||
| 008 | 971013s1881 r 00010 d | ||
| 010 | _a35869 | ||
| 011 | _a36841 | ||
| 035 | _a40960 | ||
| 040 | _cCHAP | ||
| 082 |
_a317.2 _bM3 |
||
| 110 |
_aMéxico. Secretaría de Fomento _977175 |
||
| 245 | _aEnsayo estadístico de los Estados Unidos Mexicanos 1880 | ||
| 260 |
_aMéxico, D.F. : _bImp. de F. Díaz de León, _c1881 |
||
| 300 | _a690 p | ||
| 490 | _aAnales del Ministerio de Fomento, año de 1881, tomo 5 | ||
| 590 |
_aBATCH-UPD _b10 _c20130110 _lUCH01 _h0928 |
||
| 590 |
_aBATCH-UPD _b10 _c20130410 _lUCH01 _h0548 |
||
| 590 |
_aBATCH-UPD _b10 _c20130914 _lUCH01 _h1824 |
||
| 590 |
_aCONVERSION _b10 _c20130109 _lUCH01 _h1320 |
||
| 650 | 1 | 4 |
_aMéxico _xEstadísticas. _976743 |
| 830 | 0 |
_aAnales del Ministerio de Fomento, ano de 1881, tomo 5 _95469 |
|
| 901 | _aBK | ||
| 942 | _cLIBRO | ||
| 949 |
_a317.2 M3 _bBC _cBPP _d-93806 _eBPP _i40960 _si |
||
| 999 |
_c35869 _d35869 |
||